Presupuestos del negocio jurídico (Registro nro. 5405)

Detalles MARC
000 -LEADER
fixed length control field 00811nam a22002057a 4500
008 - FIXED-LENGTH DATA ELEMENTS--GENERAL INFORMATION
fixed length control field 121122t mx||||| |||| 00| 0 sp d
020 ## - INTERNATIONAL STANDARD BOOK NUMBER
International Standard Book Number 9786070903564
050 04 - LIBRARY OF CONGRESS CALL NUMBER
Classification number KGF416
Item number P37 2010
100 1# - MAIN ENTRY--PERSONAL NAME
Personal name Paredes Sánchez, Luis Eduardo
245 10 - TITLE STATEMENT
Title Presupuestos del negocio jurídico
Remainder of title : capacidad legal, idoneidad del objeto, legitimación sustancial y (eventualmente) condictio iuris
Statement of responsibility, etc / Luis Eduardo Paredes Sánchez; prólogo Alberto Pacheco Escobedo
250 ## - EDITION STATEMENT
Edition statement 1a ed.
260 ## - PUBLICATION, DISTRIBUTION, ETC. (IMPRINT)
Place of publication, distribution, etc México :
Name of publisher, distributor, etc Porrúa ; Universidad Panamericana,
Date of publication, distribution, etc 2010
300 ## - PHYSICAL DESCRIPTION
Extent xxviii, 193 p. ;
Dimensions 21 cm.
504 ## - BIBLIOGRAPHY, ETC. NOTE
Bibliography, etc Bibliografía : p. 189-193
504 ## - BIBLIOGRAPHY, ETC. NOTE
Linkage Incluye índice
650 #7 - SUBJECT ADDED ENTRY--TOPICAL TERM
Source of heading or term LEMB
Topical term or geographic name as entry element Actos jurídicos
Geographic subdivision México
650 #7 - SUBJECT ADDED ENTRY--TOPICAL TERM
Source of heading or term LEMB
Topical term or geographic name as entry element Derecho civil
Geographic subdivision México
700 1# - ADDED ENTRY--PERSONAL NAME
Personal name Pacheco Escobedo, Alberto
Relator term prol.
942 ## - ADDED ENTRY ELEMENTS (KOHA)
Source of classification or shelving scheme Biblioteca del Cogreso de los Estados Unidos
Koha item type Libro
Existencias
Estado de pérdida Fuente de clasificación Estado del daño No para préstamo Ubicación permanente Ubicación actual Apartado o colección Fecha de adquisición Fuente de adquisición Área del conocimiento Clasificación Código de Barras Date last seen Número de copia Tipo de recurso Nota pública
  Biblioteca del Cogreso de los Estados Unidos     Biblioteca Campus Ciudad Hidalgo Biblioteca Campus Ciudad Hidalgo General 22/11/2012     KGF416 P37 2010 BCCH000000093 16/01/2015 1 Libro  
  Biblioteca del Cogreso de los Estados Unidos     Biblioteca Campus Lázaro Cardenas Biblioteca Campus Lázaro Cardenas General 14/06/2012     KGF416 P37 2010 BCLC000000055 14/06/2012 1 Libro General
  Biblioteca del Cogreso de los Estados Unidos     Biblioteca Campus Lázaro Cardenas Biblioteca Campus Lázaro Cardenas General 14/06/2012     KGF416 P37 2010 BCLC000000056 14/06/2012 2 Libro General
  Biblioteca del Cogreso de los Estados Unidos     Biblioteca Campus Lázaro Cardenas Biblioteca Campus Lázaro Cardenas General 14/06/2012     KGF416 P37 2010 BCLC000000057 14/06/2012 3 Libro General